000 00368cam a22001217a 4500
008 180718b1979 xxu||||| |||| 00| 0 eng d
082 _aA81x54 In2/71/4/PT9
100 _aCensus of India 1971
245 _aBihar: census atlas
260 _aNew Delhi
_bThe Controller of Publications
_c1979
300 _a282+p.
440 _aCensus of India 1971. Series-4, Bihar. Part IX
999 _c484952
_d484952